00294nam a2200121Ia 4500008004100000100001700041245004600058260002300104300000900127650001200136942000700148999001700155190216s9999||||xx |||||||||||||| ||und|| aVasudeva D N 0aFundamentals Of Magnetism And Electricity bS Chand & Coc1988 a944p aPhysics cBK c32965d32965